1792 1469 1091 1583 1409 1948 1868 1701 1648 1412 1374 1322 1701 1892 1286 1978 1511 1459 1232 1637 1025 1351 1154 1349 1215 1399 1703 1953 1752 1736 1528 1115 1161 1641 1616 1035 1862 1535 1439 1819 1647 1243 1939 1754 1039 1729 1203 1607 1419 1759 1525 1676 1181 1402 1095 1274 1438 1091 1715 1067 1334 1322 1641 1903 1176 1095 1456 1088 1983 1258 1712 1821 1051 1527 1757 1520 1391 1630 1772 1093 1194 1650 1960 1288 1230 1020 1080 1093 1754 1897 1215 1602 1259 1640 1764 1979 1921 1609 1368 BCNSPRNW ULIB Ver.6.0+V

เปลี่ยนเป็นภาษาไทย

Change to English
 แสดงรายละเอียดบรรณานุกรม
  กลับหน้าหลัก

Brief Record : Get Marc (ISO 2709) : E-mail record : QR code < ปิดหน้าต่าง
LEADER : 00000nam 2200000uu 4500
001    13399128671
003     ULIB
008    230928s||||||||th 000 0 tha d
020    ^a9786163920164
060    ^aWS440^bS168น
100    ^aSally
245    ^aนิทานคลาสสิก 2 ภาษา (ไทย-อังกฤษ) สอนให้เด็กรักษาสัญญา และมีความเมตตากรุณา เจ้าชายกบ : The Frog Prince
250    ^aพิมพ์ครั้งที่ 1
260    ^aกรุงเทพฯ :^bโลกหนังสือ,^c2560
300    ^a10 หน้า;^c19 ซม.
650    ^aนิทานเด็ก
650    ^aเด็ก-พัฒนาการ
945    ^p50^l0^i30043
999    ^aกัณชพร จุลอักษร
รายการนี้ยังไม่มีแท็ก
คุณยังไม่ได้ล็อกอิน คุณสามารถมีกิจกรรมร่วมกับเว็บไซต์ได้ แต่ต้องล็อกอินก่อน ::
  ล็อกอิน

รายการสื่อสารสนเทศ

ลำดับที่ ประเภท เลขเรียก/บาร์โค้ด สถานที่ สถานะ
1. วิทยาศาสตร์การแพทย์ และสุขภาพ
วิทยาศาสตร์การแพทย์ และสุขภาพ
WS440 S168น ฉ.1 
  Barcode: 30043
ห้องสมุดวิทยาเขตนครสวรรค์
►หนังสือทั่วไป:l:General Books
บนชั้น

รายการใกล้เคียง
    ชื่อเรื่อง [นิทานคลาสสิก 2 ภาษา (ไทย-อังกฤษ) สอนให้เด็กรักษาสัญญา และมีความเมตตากรุณา เจ้าชายกบ : The Frog Prince]

    ผู้แต่ง [Sally]

    หัวเรื่อง [นิทานเด็ก]
    หัวเรื่อง [เด็ก-พัฒนาการ]

BibComment


ยังไม่เคยถูกคอมเมนท์

คอมเมนท์ทรัพยากรรายการนี้
  คอมเมนท์: นิทานคลาสสิก 2 ภ..


 Copyright 2026. Bcnsprnw @Library